| 000 | 00557nam a2200205 a 4500 | ||
|---|---|---|---|
| 005 | 20140311163028.0 | ||
| 008 | 030923s19uu xx 00 eng d | ||
| 020 | _a9789810698942 | ||
| 050 |
_aHB 171.5 _b.P648 2009 |
||
| 100 | _aPindyck, Robert S. | ||
| 245 |
_aMicroeconomics / _cStephen L. Slavin. |
||
| 250 | _a7th ed. | ||
| 260 |
_aJurong, Singapore : _bPrentice Hall, _c2009. |
||
| 300 |
_a736 p. : _bill. ; _c25 cm. |
||
| 521 | _aBSBA | ||
| 650 | _aMicroeconomics | ||
| 700 | _aRubinfeld, Daniel L. | ||
| 942 |
_cBK _2lcc _kFOR |
||
| 999 |
_c39591 _d39591 |
||